Linear transformations in Hilbert space : and their applications to analysis /
Guardado en:
| Autor Principal: | |
|---|---|
| Formato: | Libro |
| Idioma: | English |
| Publicado: |
New York :
American Mathematical Society,
1932
|
| Series: | Colloquium publications (American Mathematical Society) ;
v. 15. |
| Etiquetas: |
Agregar Etiqueta
Sin Etiquetas, Sea el primero en etiquetar este registro!
|
| LEADER | 00855nam a22002055a 4500 | ||
|---|---|---|---|
| 001 | MAT.inmabb000875 | ||
| 008 | 031119r19581932nyu###########001#0#eng#d | ||
| 005 | 20130306140119.0 | ||
| 245 | 1 | 0 | |a Linear transformations in Hilbert space : |b and their applications to analysis / |c by Marshall Harvey Stone. |
| 260 | |a New York : |b American Mathematical Society, |c 1932 |g (repr. 1958) | ||
| 300 | |a viii, 622 p. ; |c 24 cm. | ||
| 490 | 0 | |a Colloquium publications / American Mathematical Society ; |v v. 15 | |
| 504 | |a Incluye referencias bibliográficas. | ||
| 510 | 4 | |a MR, |c 99k:47001 | |
| 100 | 1 | |a Stone, Marshall H. |q (Marshall Harvey), |d 1903- | |
| 830 | 0 | |a Colloquium publications (American Mathematical Society) ; |v v. 15. | |
| 084 | |a 47-02 |2 msc2000 | ||
| 010 | |a 33002746 | ||
| 859 | |h 47 |i St877 |p A-706 |b BIB. MATEMATICA | ||
| 859 | |h 47 |i St877 |p A-1914 |t Ej. 2 |b BIB. MATEMATICA | ||
